000 00440nam a2200181Ia 4500
001 4238
005 20260306145741.0
008 260306t2009||||xx |||||||||||||| ||spa||
041 _aESP
082 _a320.09
_bD75
100 _aDiez canseco Terry, Raúl
_eAUT
245 0 _aHomenaje a los pioneros de la democracia
260 _c2009
300 _a94 páginas :
_c20 cm.
650 _aGEN
654 _aCDE
942 _cLIB
_dJUS
_fJUS
_2ddc
_n
999 _c4238
_d4238